000 00319nam a22001457a 4500
008 231124b ||||| |||| 00| 0 eng d
020 _a0691020175
041 _aeng
080 _a618
082 _a618SUM
100 _a15
101 _aGJINEK
245 _aABORTION AND MORAL THEORY
_cSUMNER.W.L
942 _2udc
_cBK
999 _c60511
_d60511